Представление документа в формате RUSMARC

ПолеНазваниеЗначение
  Тип записи a
  Библиографический уровень m
001 Контрольный номер 2e15fb02f25d4254b6f0114d3826eb83
005 Дата корректировки 20150407113419.1
010 Индекс ISBN __
a ISBN 987-5-9916-2134-2
101 Язык документа 0_
a Язык текста rus
102 Страна публикации __
a Страна публикации RU
200 Заглавие и сведения об ответственности 1_
a Заглавие Статистика
e Сведения, относящиеся к заглавию учебник для бакалавров/ И.И. Елисеева
b Общее обозначение материала Текст
205 Сведения об издании __
a Основные сведения об издании 3-е изд.
b Дополнительные сведения об издании перераб. и доп.
210 Выходные данные 1_
a Место издания М.
c Издательство Юрайт
d Дата издания 2012
215 Физическое описание __
a Объем 558 с.
686 Индексы других классификаций __
a Классификационный индекс 65.051
700 Автор _1
a Фамилия Елисеева
b Имя И.И.
801 Источник записи _0
a Страна RU
b Организация РУК
c Дата составления 07.04.2015
g Правила каталогизации PSBO
801 Источник записи _1
a Страна RU
b Организация РУК
c Дата составления 07.04.2015
g Правила каталогизации PSBO
852 Данные о местонахождении __
i Авторский знак С-78
901 Тип документа __
t Тип документа m
937 Технологическая информация __
a Создатель записи (имя) РомановаЕФ
938 Служебная информация __
a Название организации Арзамасский филиал